000 00199 a2200097 4500
020 _a9780765280404
041 _aspa
100 _atatler sarah
245 _asammy sosa un verdadero heroe
942 _cBK
999 _c10850
_d10850